| 000 | 00757nam a2200253 i 4500 | ||
|---|---|---|---|
| 001 | bg | ||
| 100 | 1 | _aNIEŁACNY, Marian | |
| 245 | 1 | 0 |
_aUderzenia hydrauliczne w systemach wodociągowych / _cMarian Niełacny. |
| 260 |
_aPoznań : _bWydawnictwo Politechniki Poznańskiej, _c2005. |
||
| 300 |
_a164 s. : _bil. ; _c24 cm. |
||
| 504 | _aBibliogr. s. 161-164. | ||
| 650 | 9 |
_aAnaliza numeryczna _xstosowanie _xmechanika |
|
| 650 | 9 | _aHydraulika | |
| 650 | 9 |
_aPrzepływ _xhydrologia _xmodele matematyczne |
|
| 650 | 9 | _aWodociągi | |
| 015 | _aPB 4176/2006 | ||
| 020 | _a8371433859 | ||
| 040 | _cBPK | ||
| 041 | 0 | _apol | |
| 080 | _a628.1:532.5:519.61/.64:519.86 | ||
| 920 | _a83-7143-385-9 | ||
| 942 | _cKS | ||
| 008 | s pl f |000 0 pol | ||
| 999 |
_c51860 _d51860 |
||
| 856 |
_uhttp://koha.tu.koszalin.pl/cgi-bin/koha/opac-detail.pl?biblionumber=51860 _yKatalog online BPK |
||